Matematika pre tretí ročník ZŠ [zošit pre učiteľa] 2. diel

Bibliographic Details
Main Authors: Repáš, Vladimír (Author), Totkovičová, Martina, 1976- (Author), Žilková, Katarína, 1971- (Author)
Other Authors: Martiška, Juraj, 1969- (Illustrator)
Format: Book
Language:Slovak
PhysicalDescription:72 s. ilustr. 24 cm
Published: Bratislava Orbis Pictus Istropolitana 2017
ISBN:9788081204661
Subjects:

MARC

LEADER 00000cam a2200000 a 4500
001 vtls011622915
003 SK-MaSNL
005 20260301042831.0
008 240318s2017 xo a e f 000 0 slo
015 |a SNBA2017/05 
020 |a 9788081204661  |q (brož.) 
035 |a urn:nbn:sk:snk-am00cx9y 
035 |a urn:nbn:sk:snk-am3hmfk 
035 |a 915A91BF-F607-401F-BA33-47E49200517E 
040 |a SNK  |b slo  |c SNK  |e AACR2 
041 0 |a slo 
044 |a xo  |c SK 
072 7 |a 51  |x Matematika  |2 konspekt 
072 7 |a 373.2/.3  |x Predškolská a primárna výchova a vzdelávanie  |2 konspekt 
080 |a 51  |2 2011 
080 |a (075.2)  |2 2011 
080 |a (072)  |2 2011 
100 1 |a Repáš, Vladimír  |4 aut  |9 213413 
245 1 0 |a Matematika pre tretí ročník ZŠ  |b [zošit pre učiteľa]  |n 2. diel  |c V. Repáš, M. Totkovičová, K. Žilková ; [ilustrácie Juraj Martiška] 
246 1 4 |a Matematika 3  |n 2. diel 
260 |a Bratislava  |b Orbis Pictus Istropolitana  |c 2017 
300 |a 72 s.  |b ilustr.  |c 24 cm 
650 0 7 |a matematika  |2 SNKPH  |9 70174 
650 0 7 |a Mathematics  |2 SNKPHeng  |9 265620 
655 7 |a učebnice základných škôl  |2 SNKPH  |9 70187 
655 7 |a metodické príručky  |2 SNKPH  |9 70250 
655 7 |a Textbooks (elementary)  |2 SNKPHeng  |9 276977 
655 7 |a Methodological manuals  |2 SNKPHeng  |9 270866 
700 1 |a Totkovičová, Martina,  |d 1976-  |4 aut  |9 69037 
700 1 |a Žilková, Katarína,  |d 1971-  |4 aut  |9 204862 
700 1 |a Martiška, Juraj,  |d 1969-  |4 ill  |9 120247 
852 |a Štátna vedecká knižnica v Banskej Bystrici 
919 |a 978-80-8120-466-1 
999 |c 591997  |d 593927 
952 |a SNK  |b SNK  |y PREZ  |7 0  |p 17A1258828  |o snkSC 174568/2  |i snk2017/11042  |8 0  |0 0  |1 0  |4 0  |d 2017-05-12  |f 1  |l 0  |r 2025-09-16 00:00:00  |w 2026-02-23 
952 |a SNK  |b SNK  |y VYP  |7 0  |p 17A1258829  |o snkSC 174568/2 D1  |i snk2017/11043  |8 0  |0 0  |1 0  |4 0  |d 2017-05-12  |l 0  |r 2026-02-23 15:27:48  |w 2026-02-23